000 01155cam a2200361 4500
999 _c24163
_d24163
001 vtls012075228
005 20260506085150.0
008 211027s2021 xo er 000 f slo
020 _a9788055179322
_q(viazané)
040 _aSNK
_bslo
_cSNK
_erda
041 1 _aslo
_heng
044 _axo
_cSK
072 7 _a821.111(73)-3
_xAmerická próza
_2konspekt
080 _a821.111(73)-31
_22011
080 _a(0:82-993)
_22011
100 1 _aKeeland, Vi
_4aut
_95489
240 1 4 _aThe Rivals
_lSlovensky
245 1 0 _aRivali
_cVi Keelandová ; preložila Petra Malúchová
264 1 _aBratislava
_bIkar
_c2021
300 _a326 strán
_c21 cm
336 _atext
_btxt
_2rdacontent
337 _abez média
_bn
_2rdamedia
338 _azväzok
_bnc
_2rdacarrier
500 _aPreložené z angličtiny
500 _aObsahuje stručné biografické údaje o autorke na zadnej strane obálky
655 7 _aamerické romány
_2SNKPH
_92
655 7 _aerotické romány
_2SNKPH
_94
655 7 _aAmerican fiction
_2SNKPHeng
_93
655 7 _aErotic novels
_2SNKPHeng
_95
700 1 _aMalúchová, Petra,
_d1966-
_4trl
_95490
958 _aLX
958 _aUP